|
|
|
|
| LEADER |
01920cas a2200529 a 4500 |
| 001 |
c000225297 |
| 003 |
CARM |
| 005 |
20061106162150.0 |
| 008 |
821229d19831990nyuuu 0 a0eng d |
| 010 |
|
|
|a 83644876
|z sn 82015265
|
| 019 |
1 |
|
|a 2884652
|5 LACONCORD2021
|
| 022 |
0 |
|
|a 0736-2293
|
| 030 |
|
|
|a ABIPDT
|
| 035 |
|
|
|a (OCoLC)9090999
|5 LACONCORD2021
|
| 040 |
|
|
|a NSDP
|b eng
|c NSDP
|d DLC
|d NSDP
|d DLC
|d NST
|d OCoLC
|d DLC
|d AIP
|d DNLM
|d MH
|d DNAL
|d NSDP
|d NST
|d DNAL
|d EbpS
|d ICU
|d LC
|
| 042 |
|
|
|a lc
|a nsdp
|
| 050 |
0 |
0 |
|a TP248.3
|b .A385
|
| 060 |
0 |
0 |
|a W1 AD449M
|
| 060 |
0 |
0 |
|a W1
|b AD449M
|
| 070 |
0 |
|
|a TP248.13.A38
|
| 072 |
|
0 |
|a X600
|
| 072 |
|
0 |
|a X300
|
| 082 |
0 |
4 |
|a 660/.6/05
|2 19
|
| 210 |
0 |
|
|a Adv. biotechnol. process
|
| 222 |
|
0 |
|a Advances in biotechnological processes
|
| 245 |
0 |
0 |
|a Advances in biotechnological processes.
|
| 260 |
|
|
|a New York :
|b Alan R. Liss,
|c c1983-.
|
| 300 |
|
|
|a v. :
|b ill. ;
|c 24 cm.
|
| 362 |
0 |
|
|a Vol. 1-
|
| 362 |
1 |
|
|a Ceased with v. 14, published in 1990.
|z Cf. Vendor notice.
|
| 500 |
|
|
|a Editors: Avshalom Mizrahi and Antonius L. van Wezel.
|
| 510 |
2 |
|
|a Biological abstracts,
|x 0006-3169
|
| 510 |
2 |
|
|a Chemical abstracts,
|x 0009-2258,
|b 1983-
|
| 510 |
2 |
|
|a Index Medicus,
|x 0019-3879,
|b v3, 1984-
|
| 510 |
2 |
|
|a Life sciences collection
|
| 510 |
0 |
|
|a Bibliography of agriculture,
|x 0006-1530,
|b v. 14, 1990
|
| 650 |
|
0 |
|a Biochemical engineering
|v Periodicals.
|
| 650 |
|
2 |
|a Biochemistry
|x periodicals.
|
| 650 |
|
2 |
|a Biomedical Engineering
|x periodicals.
|
| 650 |
|
2 |
|a Microbiology
|x periodicals.
|
| 700 |
1 |
|
|a Mizrahi, A.
|
| 700 |
1 |
|
|a Wezel, A. L. van.
|
| 852 |
8 |
|
|b CARM
|h A2:AP37A0
|i B06731
|p 0317773
|f SE
|
| 866 |
|
0 |
|a 1(1983)-14(1990)
|
| 866 |
|
0 |
|a 1(1983)-14(1990)
|
| 999 |
f |
f |
|i 38d9cb28-9928-5bd6-bcd6-836f1efd296b
|s ef975451-057c-5359-ac0a-7d944c342e4e
|
| 952 |
f |
f |
|p Can circulate
|a CAVAL
|b CAVAL
|c CAVAL
|d CARM 1 Store
|e B06731
|f A2:AP37A0
|h Other scheme
|i book
|k 1(1983)-14(1990)
|m 0317773
|